HANDBOOK of POINTS TO REMEMBER on EMPLOYMENT LAWS for the Human Resources & Administration Managers : (Record no. 4917)

000 -LEADER
fixed length control field 01013nam a22002417a 4500
005 - DATE AND TIME OF LATEST TRANSACTION
control field 20220105160437.0
008 - FIXED-LENGTH DATA ELEMENTS--GENERAL INFORMATION
fixed length control field 220105b2021 my ||||| |||| 00| 0 eng d
020 ## - INTERNATIONAL STANDARD BOOK NUMBER
International Standard Book Number 9789839153378
Terms of availability RM 85.00
040 ## - CATALOGING SOURCE
Original cataloging agency AKMAL
082 ## - DEWEY DECIMAL CLASSIFICATION NUMBER
Classification number 344.0109595 RPB
090 ## - LOCALLY ASSIGNED LC-TYPE CALL NUMBER (OCLC); LOCAL CALL NUMBER (RLIN)
Classification number (OCLC) (R) ; Classification number, CALL (RLIN) (NR) 344.0109595
Local cutter number (OCLC) ; Book number/undivided call number, CALL (RLIN) RPB
100 #0 - MAIN ENTRY--PERSONAL NAME
Personal name R. P. Baskaran,
Dates associated with a name 1941
9 (RLIN) 9338
245 10 - TITLE STATEMENT
Title HANDBOOK of POINTS TO REMEMBER on EMPLOYMENT LAWS for the Human Resources & Administration Managers :
Remainder of title Malaysia
Statement of responsibility, etc. R P Baskaran
250 ## - EDITION STATEMENT
Edition statement Revised 2nd Edition
264 #1 - PRODUCTION, PUBLICATION, DISTRIBUTION, MANUFACTURE, AND COPYRIGHT NOTICE
Place of production, publication, distribution, manufacture Sungai Petani, Kedah
Name of producer, publisher, distributor, manufacturer DIGEST REVIEW SDN BHD
Date of production, publication, distribution, manufacture, or copyright notice [2020]
-- ©2020
300 ## - PHYSICAL DESCRIPTION
Extent 288 pages
Dimensions 21cm
500 ## - GENERAL NOTE
General note Includes index
500 ## - GENERAL NOTE
General note A quick-reference book for the human resources & administration managers
650 10 - SUBJECT ADDED ENTRY--TOPICAL TERM
Topical term or geographic name entry element Labor laws and legislation
Form subdivision Handbooks, manuals, etc.
Geographic subdivision Malaysia
9 (RLIN) 9339
650 20 - SUBJECT ADDED ENTRY--TOPICAL TERM
Topical term or geographic name entry element Industrial laws and legislation
Form subdivision Handbooks, manuals, etc.
Geographic subdivision Malaysia
9 (RLIN) 9340
650 20 - SUBJECT ADDED ENTRY--TOPICAL TERM
Topical term or geographic name entry element Personnel management
Form subdivision Handbooks, manuals, etc.
Geographic subdivision Malaysia
9 (RLIN) 9341
942 ## - ADDED ENTRY ELEMENTS (KOHA)
Source of classification or shelving scheme
Koha item type Book
Holdings
Withdrawn status Lost status Source of classification or shelving scheme Damaged status Not for loan Collection code Home library Current library Shelving location Date acquired Inventory number Total Checkouts Full call number Barcode Date last seen Date last checked out Price effective from Koha item type
          NON-FICTION AKMAL Melaka AKMAL Melaka PINJAMAN 05.01.2022 011431 1 344.0109595 RPB 201708077 06.01.2022 06.01.2022 05.01.2022 Book
Pusat Sumber Maklumat Dato' Haji Sarmin Md Hussin, Akademi Kastam Diraja Malaysia, Melaka
Tel: 06-2331106 | Faks: 06-2313787